| 000 -LEADER |
| fixed length control field |
00341cam a22001097a 4500 |
| 008 - FIXED-LENGTH DATA ELEMENTS--GENERAL INFORMATION |
| fixed length control field |
180718b1975 xxu||||| |||| 00| 0 eng d |
| 082 ## - DEWEY DECIMAL CLASSIFICATION NUMBER |
| Classification number |
Zx5464 T738/1970 |
| 100 ## - MAIN ENTRY--PERSONAL NAME |
| Personal name |
Narayan, R, Shankar |
| 245 ## - TITLE STATEMENT |
| Title |
State report on world agricultural census in Tripura |
| Statement of responsibility, etc. |
by R, Shankar Narayan |
| 260 ## - PUBLICATION, DISTRIBUTION, ETC. |
| Place of publication, distribution, etc. |
Agartala |
| Name of publisher, distributor, etc. |
Government Press |
| Date of publication, distribution, etc. |
1975 |
| 300 ## - PHYSICAL DESCRIPTION |
| Extent |
76+p. |